000 00705nam a22002417a 4500
001 3611
003 FISKH
005 20240326084311.0
008 240326b cb ||||| |||| 00| 0 eng d
040 _aFISK
_beng
_cFISK
_dFISK
050 _aPZ7.L97914
082 _a813.54
100 _aLupica Mike
_d1952-
245 _aSummer ball /
_cMike Lupica
260 _aNew York :
_bScholastic,
_c2008
300 _a244 pages :
_c20 cm
505 _aQ
520 _aThirteen-year-old Danny must prove himself all over again for a disapproving coach and against new rivals at a summer basketball camp.
521 8 _a910
_bLexile
700 _aMike Lupica
942 _2ddc
_cBK
_n0
999 _c3611
_d3611